000 00577nam a22002057a 4500
003 OSt
005 20220107122719.0
008 130812b xxu||||| |||| 00| 0 eng d
020 _a9780123877932
040 _cIIITM-K
082 _a006.66 WHI/D
100 _aWhitney, Hunter
_91408
245 _aData insights:
_bNew ways to visualize and make sense of data
_cby Hunter Whitney
260 _aUSA,
_bElsevier,
_c2013.
300 _aix, 310p.
650 _aKNOWLEDGE MANANENT
_91409
650 _aDATA VISUALIZATION
_91410
650 _aDATA INSIGHTS
_91411
942 _2ddc
_cBK
999 _c3156
_d3156